000 01017cab a2200241 4500
001 E86579
008 090401t1997 xxu||||| |||| 00| 0 eng d
035 _a(Sirsi) u80990
041 _aeng
245 _aStirling v Norwest Holst Ltd
260 _c1997
350 _a0
490 _aScots Law Times
_v1997 SLT 973-979(7)
520 _aOuter Hosue. 28 June 1996. Contract - construction - indemnity clause - hire of vehicle and operator - standard conditions governing insurnance, indemnity, loss and damage to hired vehicle - clause providing that hirer to be liable for "all loss or damage no matter how caused" - whether hirer liable for damages occasioned to third party through usse of vehicle - applicability of contra proferentem rule.
650 _aBUILT ENVIRONMENT-BUILDING CONTRACT FORMS
650 _aCONSTRUCTION LAW
650 _aINDEMNITY CLAUSES
650 _aInsurance
_96249
650 _aSCOTS LAW
690 _aBUILDING AND CONSTRUCTION-CASE LAW
942 _n0
948 _c22/09/1997
999 _c51020
_d51020